| 000 | 00486nam a2200217Ia 4500 | ||
|---|---|---|---|
| 003 | 0100 | ||
| 008 | 130303s9999 xx 000 0 und d | ||
| 020 | _a0409056278 | ||
| 040 | _cARRUPELIB | ||
| 050 | _aKTL3800.S68 2002 | ||
| 100 | _aSnyman, Cr | ||
| 245 | _aCriminal law | ||
| 250 | _a4th.ed. | ||
| 260 | _aDurban | ||
| 260 | _bLexisNexis Butterworths | ||
| 260 | _C2002 | ||
| 300 | _a616p. | ||
| 300 | _b 24cm | ||
| 650 | _bAesthetics-Encyclopedias | ||
| 942 |
_2lcc _02 |
||
| 999 |
_c60766 _d60766 |
||